Statistics for Religion in Switzerland

Click here to take the quiz!

General Stats

  • This quiz has been taken 39 times
  • The average score is 5 of 13

Answer Stats

PercentageReligion% Correct
5.3%Islam
97%
0.5%Buddhism
78%
0.2%Judaism
64%
0.6%Hinduism
58%
35.8%Catholic Church
39%
26.3%No Religion
36%
1.4%Unknown
33%
0.3%Other Religions
25%
2.5%Eastern Orthodox Church
22%
23.8%Swiss Reformed Church
22%
1.2%Evangelical Protestant Churches
8%
1.0%Lutheran Churches
8%
2.2%Other Christian Churches
8%

Score Distribution

Percentile by Number Answered

Percent of People with Each Score

Your Score History

You have not taken this quiz